MAASAI MARA UNIVERSITY

LIBRARY CATALOGUE

Contact Us: +254 020 2685356/7 or 0774 057787

Box: 861-20500, NAROK, KENYA

Email: info@mmarau.ac.ke

Twenty years to nowhere : (Record no. 31376)

MARC details
000 -LEADER
fixed length control field 01047nam a22002897a 4500
003 - CONTROL NUMBER IDENTIFIER
control field OSt
005 - DATE AND TIME OF LATEST TRANSACTION
control field 20190204074228.0
008 - FIXED-LENGTH DATA ELEMENTS--GENERAL INFORMATION
fixed length control field 190204b ||||| |||| 00| 0 eng d
010 ## - LIBRARY OF CONGRESS CONTROL NUMBER
LC control number 98023169
020 ## - INTERNATIONAL STANDARD BOOK NUMBER
International Standard Book Number 1569020612 (pbk.)
020 ## - INTERNATIONAL STANDARD BOOK NUMBER
International Standard Book Number 1569020604 (hardcover)
040 ## - CATALOGING SOURCE
Original cataloging agency MMU
Transcribing agency MMU
Modifying agency MMU
Language of cataloging eng
043 ## - GEOGRAPHIC AREA CODE
Geographic area code f-et---
050 00 - LIBRARY OF CONGRESS CALL NUMBER
Classification number S625.E86
Item number Y47 1998
082 00 - DEWEY DECIMAL CLASSIFICATION NUMBER
Classification number 333.76/137/0963
Edition number 21
100 0# - MAIN ENTRY--PERSONAL NAME
Personal name Yeraswork Admassie.
245 10 - TITLE STATEMENT
Title Twenty years to nowhere :
Remainder of title property rights, land management and conservation in Ethiopia /
Statement of responsibility, etc. Yeraswork Admassie.
260 ## - PUBLICATION, DISTRIBUTION, ETC. (IMPRINT)
Place of publication, distribution, etc. Lawrenceville, NJ :
Name of publisher, distributor, etc. Red Sea Press,
Date of publication, distribution, etc. c2000.
300 ## - PHYSICAL DESCRIPTION
Extent xxxii, 347 p. :
Other physical details ill., maps ;
Dimensions 23 cm.
504 ## - BIBLIOGRAPHY, ETC. NOTE
Bibliography, etc Includes bibliographical references (p. [329]-341) and index.
650 #0 - SUBJECT ADDED ENTRY--TOPICAL TERM
Topical term or geographic name as entry element Soil conservation
General subdivision Government policy
Geographic subdivision Ethiopia.
650 #0 - SUBJECT ADDED ENTRY--TOPICAL TERM
Topical term or geographic name as entry element Afforestation
Geographic subdivision Government policy
General subdivision Ethiopia.
650 #0 - SUBJECT ADDED ENTRY--TOPICAL TERM
Topical term or geographic name as entry element Agriculture and state
Geographic subdivision Ethiopia.
650 #0 - SUBJECT ADDED ENTRY--TOPICAL TERM
Topical term or geographic name as entry element Land degradation
Geographic subdivision Ethiopia.
650 #0 - SUBJECT ADDED ENTRY--TOPICAL TERM
Topical term or geographic name as entry element Land tenure
General subdivision Government policy
Geographic subdivision Ethiopia.
942 ## - ADDED ENTRY ELEMENTS (KOHA)
Source of classification or shelving scheme Library of Congress Classification
Koha item type L
Holdings
Withdrawn status Lost status Source of classification or shelving scheme Damaged status Not for loan Home library Current library Date acquired Source of acquisition Total Checkouts Full call number Barcode Date last seen Price effective from Koha item type
    Library of Congress Classification     Maasai Mara University Library -Main Campus Maasai Mara University Library -Main Campus 02/04/2019 Donation- ICRAF   S625 .E86Y47 1998 17037157 02/04/2019 02/04/2019 L
© 2016 Maasai Mara University.